[Event "WinterChess sub 2200 enero 2013"]
[Site "Palma de Mallorca ESP"]
[Date "2013.01.17"]
[Round "6.15"]
[White "Trillo-Figueroa Vidal, Antonio"]
[Black "Moya Pol, Antonio"]
[Result "1/2-1/2"]
[WhiteElo "1743"]
[BlackElo "1854"]
[PlyCount "120"]
[EventDate "2013.01.12"]
[EventType "swiss"]
[EventRounds "9"]
[EventCountry "ESP"]
[Source "lmi"]
[SourceDate "2013.01.12"]

1. e4 c5 2. Nc3 d6 3. f4 Nc6 4. Nf3 g6 5. Bc4 Bg7 6. O-O e6 7. d3 Nge7 8. Qe1
a6 9. a4 Qc7 10. Kh1 O-O 11. Qh4 Nd4 12. Nxd4 cxd4 13. Ne2 d5 14. Bb3 dxe4 15.
dxe4 Nc6 16. Bd2 Bd7 17. Rad1 Qb6 18. Nc1 Rac8 19. Nd3 Na5 20. Bxa5 Qxa5 21.
Ra1 Bc6 22. f5 exf5 23. exf5 gxf5 24. Qh5 Be4 25. Rf4 Qd2 26. Rf2 Qh6 27. Nf4
Qxh5 28. Nxh5 Be5 29. Ng3 Bxg3 30. hxg3 Rc6 31. Rd2 Rd8 32. Rad1 Rcd6 33. Bc4
Kg7 34. Kg1 R8d7 35. Kf2 Kf6 36. Rh1 Kg6 37. Be2 Rc7 38. Bh5+ Kg5 39. Bd1 Kg6
40. Bh5+ Kg7 41. Bd1 Rcd7 42. Re1 Rh6 43. Bf3 Re6 44. Red1 Red6 45. Re1 Re6 46.
Red1 Rc7 47. Rxd4 Rxc2+ 48. R1d2 Rxd2+ 49. Rxd2 b5 50. axb5 axb5 51. Be2 Rb6
52. b4 Kf6 53. Bf3 Ke6 54. Ke3 Ke5 55. Rd7 Ke6 56. Rd4 Rd6 57. Rxd6+ Kxd6 58.
Bxe4 fxe4 59. Kxe4 Ke6 60. g4 h6 1/2-1/2

[Event "WinterChess sub 2200 enero 2013"]
[Site "Palma de Mallorca ESP"]
[Date "2013.01.17"]
[Round "6.16"]
[White "Gimenez Garcia, Emilio"]
[Black "Orcera Gomez, Francisco"]
[Result "1/2-1/2"]
[WhiteElo "1840"]
[BlackElo "1783"]
[PlyCount "58"]
[EventDate "2013.01.12"]
[EventType "swiss"]
[EventRounds "9"]
[EventCountry "ESP"]
[Source "lmi"]
[SourceDate "2013.01.12"]

1. d4 d5 2. Bf4 Nf6 3. e3 Bf5 4. Bd3 Bxd3 5. Qxd3 Qd7 6. h3 e6 7. c3 c5 8. Nd2
Nc6 9. Ngf3 c4 10. Qc2 Bd6 11. Ne5 Qc7 12. Ndf3 O-O 13. Nxc6 Bxf4 14. Nce5 Bxe5
15. Nxe5 Ne4 16. O-O f6 17. Nf3 Rf7 18. Nd2 f5 19. f4 Nxd2 20. Qxd2 a5 21. Rac1
a4 22. a3 Rf6 23. Rf3 Rg6 24. Rb1 Ra6 25. Kh2 Rb6 26. Rc1 Qe7 27. Qf2 h5 28. h4
Rg4 29. g3 Rb3 1/2-1/2

[Event "WinterChess sub 2200 enero 2013"]
[Site "Palma de Mallorca ESP"]
[Date "2013.01.17"]
[Round "6.17"]
[White "Jaume Pons, Antonio"]
[Black "Perez Prieto, German"]
[Result "0-1"]
[WhiteElo "1716"]
[BlackElo "1839"]
[PlyCount "64"]
[EventDate "2013.01.12"]
[EventType "swiss"]
[EventRounds "9"]
[EventCountry "ESP"]
[Source "lmi"]
[SourceDate "2013.01.12"]

1. e4 d5 2. exd5 Qxd5 3. Nc3 Qa5 4. d4 c6 5. Nf3 Nf6 6. Bd3 Bg4 7. Bd2 e6 8. h3
Bxf3 9. Qxf3 Nbd7 10. Ne4 Qb6 11. c3 Nxe4 12. Bxe4 Nf6 13. O-O Nxe4 14. Qxe4
Qxb2 15. Bg5 Qb5 16. h4 Qd5 17. Qe2 Bd6 18. Rfe1 O-O 19. Rad1 h6 20. c4 Qa5 21.
Bd2 Qxa2 22. Qg4 Kh7 23. Qe4+ Kh8 24. c5 Be7 25. Qe5 Bf6 26. Qh5 Qd5 27. Qg4
Rfd8 28. Bc3 Rd7 29. Rd3 Qf5 30. Qg3 Bxh4 31. Qe3 Bxf2+ 32. Qxf2 Qxd3 0-1

[Event "WinterChess sub 2200 enero 2013"]
[Site "Palma de Mallorca ESP"]
[Date "2013.01.17"]
[Round "6.18"]
[White "Oliver Font, Jose Luis"]
[Black "Rubert Cabrillana, Antonio"]
[Result "1-0"]
[WhiteElo "1838"]
[BlackElo "1297"]
[PlyCount "61"]
[EventDate "2013.01.12"]
[EventType "swiss"]
[EventRounds "9"]
[EventCountry "ESP"]
[Source "lmi"]
[SourceDate "2013.01.12"]

1. e4 e5 2. Nf3 Nf6 3. Nxe5 d6 4. Nf3 Nxe4 5. d4 Qe7 6. Be3 a6 7. Nbd2 d5 8.
Be2 Qb4 9. Qc1 Nd6 10. c3 Qb6 11. h3 Bf5 12. O-O Nd7 13. Ne5 Nf6 14. c4 dxc4
15. Ndxc4 Nxc4 16. Bxc4 Be6 17. d5 Qd6 18. dxe6 Qxe5 19. exf7+ Ke7 20. Re1 Kd8
21. Bg5 Qc5 22. Re8+ Kd7 23. Rxa8 Ne4 24. Be3 Qf5 25. Qd1+ Bd6 26. Rxh8 Kc6 27.
Rc1 Bh2+ 28. Kxh2 Qe5+ 29. Kg1 b6 30. Bxa6+ Nc5 31. Qf3+ 1-0

[Event "WinterChess sub 2200 enero 2013"]
[Site "Palma de Mallorca ESP"]
[Date "2013.01.17"]
[Round "6.19"]
[White "Ramis Sebastia, Jordi Salvador"]
[Black "Ballester Cladera, Antonio"]
[Result "0-1"]
[WhiteElo "1696"]
[BlackElo "1787"]
[PlyCount "48"]
[EventDate "2013.01.12"]
[EventType "swiss"]
[EventRounds "9"]
[EventCountry "ESP"]
[Source "lmi"]
[SourceDate "2013.01.12"]

1. d4 d5 2. c4 e6 3. Nc3 Nf6 4. Bg5 Nbd7 5. e3 c6 6. Nf3 Qa5 7. Bxf6 Nxf6 8.
Nd2 Bd6 9. Bd3 O-O 10. f4 c5 11. O-O a6 12. Nb3 Qc7 13. dxc5 Bxc5 14. Nxc5 Qxc5
15. Qe2 dxc4 16. Bxc4 b5 17. Bb3 Bb7 18. Rae1 Rfd8 19. h3 b4 20. Na4 Qa7 21.
Bc2 Ne4 22. Kh2 Rd2 23. Qc4 Rxg2+ 24. Kh1 Ng3# 0-1

[Event "WinterChess sub 2200 enero 2013"]
[Site "Palma de Mallorca ESP"]
[Date "2013.01.17"]
[Round "6.20"]
[White "Fullana Benito, David"]
[Black "Martinez Fernandez, Emma"]
[Result "1-0"]
[WhiteElo "1825"]
[BlackElo "1507"]
[PlyCount "81"]
[EventDate "2013.01.12"]
[EventType "swiss"]
[EventRounds "9"]
[EventCountry "ESP"]
[Source "lmi"]
[SourceDate "2013.01.12"]

1. d4 Nf6 2. c4 g6 3. Nc3 Bg7 4. e4 d6 5. Bd3 O-O 6. Bg5 Nc6 7. Nge2 e5 8. d5
Ne7 9. O-O Nh5 10. f3 f6 11. Be3 f5 12. b4 f4 13. Bf2 b6 14. c5 g5 15. g4 Nf6
16. Rc1 h5 17. h3 Ng6 18. cxd6 cxd6 19. Nb5 Rf7 20. Qb3 Bf8 21. Rc2 Nh4 22.
Bxh4 gxh4 23. a4 hxg4 24. fxg4 Bxg4 25. Nxf4 Rg7 26. Rg2 exf4 27. hxg4 Nxg4 28.
Rxf4 Ne5 29. Rxg7+ Bxg7 30. Rf5 Qe8 31. Be2 Qg6+ 32. Kh1 Rc8 33. Qe3 Bh6 34.
Qf2 Rc1+ 35. Kh2 Qg3+ 36. Qxg3+ hxg3+ 37. Kxg3 Rg1+ 38. Kf2 Ra1 39. Nxd6 Ra2
40. Rxe5 Rxa4 41. b5 1-0

[Event "WinterChess sub 2200 enero 2013"]
[Site "Palma de Mallorca ESP"]
[Date "2013.01.17"]
[Round "6.21"]
[White "Nadal Tur, Antonio"]
[Black "Gutierrez Renedo, Manuel"]
[Result "1-0"]
[WhiteElo "1706"]
[BlackElo "1747"]
[PlyCount "79"]
[EventDate "2013.01.12"]
[EventType "swiss"]
[EventRounds "9"]
[EventCountry "ESP"]
[Source "lmi"]
[SourceDate "2013.01.12"]

1. e4 e5 2. f4 Bc5 3. Nf3 d6 4. Bc4 Nf6 5. Nc3 O-O 6. d3 Ng4 7. Rf1 Nc6 8. f5
Na5 9. h3 Ne3 10. Bxe3 Bxe3 11. Bb3 Nxb3 12. axb3 g6 13. Nd5 Bh6 14. f6 c6 15.
Ne7+ Kh8 16. h4 Re8 17. Ng5 Bxg5 18. hxg5 h5 19. Rh1 Rxe7 20. fxe7 Qxe7 21. g4
Qxg5 22. gxh5 Qg3+ 23. Kd2 Qf4+ 24. Kc3 g5 25. Rf1 Qe3 26. Rxf7 Be6 27. Rf6 Bg8
28. Qf1 g4 29. Rg6 Qf3 30. Qxf3 gxf3 31. Rf6 d5 32. Rxf3 dxe4 33. dxe4 Bh7 34.
Rf7 b5 35. Raxa7 Rxa7 36. Rxa7 Bxe4 37. Re7 Bf3 38. Rxe5 Kh7 39. Kb4 Kh6 40.
Kc5 1-0

[Event "WinterChess sub 2200 enero 2013"]
[Site "Palma de Mallorca ESP"]
[Date "2013.01.17"]
[Round "6.22"]
[White "Garcia Comendador, Simon"]
[Black "Dominguez Marquez, Juan Carlos"]
[Result "1/2-1/2"]
[WhiteElo "1643"]
[BlackElo "1738"]
[PlyCount "145"]
[EventDate "2013.01.12"]
[EventType "swiss"]
[EventRounds "9"]
[EventCountry "ESP"]
[Source "lmi"]
[SourceDate "2013.01.12"]

1. e4 c5 2. Nc3 g6 3. g3 Bg7 4. Bg2 Nc6 5. Nge2 Nf6 6. d3 d6 7. O-O O-O 8. Be3
a6 9. a3 Bd7 10. Rb1 Qc7 11. f4 b5 12. Nd5 Nxd5 13. exd5 Nd4 14. Nc3 Rac8 15.
Ne4 b4 16. c3 bxc3 17. bxc3 Nb5 18. Qc1 Qa5 19. c4 Nd4 20. Rf2 Rb8 21. Rxb8
Rxb8 22. Bd2 Qb6 23. Bc3 Qb1 24. Qxb1 Rxb1+ 25. Bf1 Bh3 26. Nd2 Rc1 27. Bb2 Rd1
28. Bc3 Bxf1 29. Nxf1 Rxd3 30. Bb2 Rb3 31. Kg2 Nf5 32. Bxg7 Kxg7 33. Ra2 Nd4
34. Nd2 Re3 35. Nf1 Rc3 36. Nd2 a5 37. Kh3 a4 38. Kh4 Rc2 39. Rxc2 Nxc2 40. Nb1
Kf6 41. g4 e6 42. Kg3 exd5 43. cxd5 g5 44. h3 h6 45. Nc3 Nxa3 46. Nxa4 Nc4 47.
Nc3 Ke7 48. h4 f6 49. f5 Ne3 50. hxg5 hxg5 51. Kf3 Nc4 52. Ke2 Ne5 53. Ke3
Nxg4+ 54. Kf3 Nh6 55. Ke4 Ng4 56. Kf3 Ne5+ 57. Ke4 Kf8 58. Nb5 Nf7 59. Nc7 c4
60. Kd4 Ne5 61. Ke4 g4 62. Kf4 Ke7 63. Nb5 Kd7 64. Nc3 Kc7 65. Ne4 Kb6 66. Ke3
g3 67. Nxg3 Kc5 68. Ne4+ Kxd5 69. Nxf6+ Kc5 70. Ne4+ Kc6 71. f6 d5 72. Nc3 Ng4+
73. Kd4 1/2-1/2

[Event "WinterChess sub 2200 enero 2013"]
[Site "Palma de Mallorca ESP"]
[Date "2013.01.17"]
[Round "6.23"]
[White "Alcover Balaguer, Jordi"]
[Black "Cristea, Adrian"]
[Result "1/2-1/2"]
[WhiteElo "1736"]
[BlackElo "1582"]
[PlyCount "22"]
[EventDate "2013.01.12"]
[EventType "swiss"]
[EventRounds "9"]
[EventCountry "ESP"]
[Source "lmi"]
[SourceDate "2013.01.12"]

1. d4 d5 2. c4 e6 3. Nc3 c5 4. Nf3 Nc6 5. cxd5 exd5 6. e3 Nf6 7. Be2 Be7 8. O-O
O-O 9. Bd2 a6 10. Rc1 b5 11. Qc2 b4 1/2-1/2

[Event "WinterChess sub 2200 enero 2013"]
[Site "Palma de Mallorca ESP"]
[Date "2013.01.17"]
[Round "6.26"]
[White "Coll Verger, Amador"]
[Black "Porcel Jimenez, Ramon"]
[Result "1/2-1/2"]
[WhiteElo "1712"]
[BlackElo "1447"]
[PlyCount "113"]
[EventDate "2013.01.12"]
[EventType "swiss"]
[EventRounds "9"]
[EventCountry "ESP"]
[Source "lmi"]
[SourceDate "2013.01.12"]

1. c4 Nf6 2. Nc3 g6 3. g3 Bg7 4. Bg2 O-O 5. Nf3 d6 6. O-O Nbd7 7. d3 c6 8. Rb1
Rb8 9. Bd2 e5 10. b4 Re8 11. Qc1 d5 12. Bg5 Qc7 13. cxd5 cxd5 14. a3 a6 15. Qd2
e4 16. Bf4 Ne5 17. Nxe5 Rxe5 18. Bxe5 Qxe5 19. dxe4 dxe4 20. Qd8+ Bf8 21. Qd2
Be6 22. Qf4 Qxf4 23. gxf4 Bf5 24. Rfd1 e3 25. Rbc1 exf2+ 26. Kxf2 Ng4+ 27. Kg3
Ne3 28. Rd2 Nc4 29. Ra2 Ne3 30. Nd5 Nxg2 31. Rd2 Nxf4 32. Nxf4 g5 33. Nd5 Bd6+
34. Kg2 Kg7 35. Ne3 Be4+ 36. Kf2 Bf4 37. Rd7 Re8 38. Rc3 Kg6 39. h3 Bc6 40.
Rdd3 h5 41. Nd5 Be5 42. Rc5 Bb5 43. Rd2 Bd6 44. Rcc2 Re4 45. Kf3 Re5 46. e4 Bd7
47. Rg2 Bxh3 48. Nf4+ Kh6 49. Nxh3 g4+ 50. Ke3 gxh3 51. Rh2 f5 52. Rxh3 Rxe4+
53. Kf3 a5 54. bxa5 Bxa3 55. a6 bxa6 56. Rc6+ Kg5 57. Rxa6 1/2-1/2

[Event "WinterChess sub 2200 enero 2013"]
[Site "Palma de Mallorca ESP"]
[Date "2013.01.17"]
[Round "6.27"]
[White "Serralta Font, Carles"]
[Black "Rubert Alfonso, Victor"]
[Result "0-1"]
[WhiteElo "1373"]
[BlackElo "1591"]
[PlyCount "40"]
[EventDate "2013.01.12"]
[EventType "swiss"]
[EventRounds "9"]
[EventCountry "ESP"]
[Source "lmi"]
[SourceDate "2013.01.12"]

1. e4 e5 2. Bc4 Nc6 3. a3 Nf6 4. d3 Bc5 5. Nf3 O-O 6. O-O h6 7. c3 d6 8. b4 Bb6
9. d4 exd4 10. cxd4 Nxe4 11. Be3 d5 12. Bd3 Bg4 13. Bxe4 dxe4 14. h3 exf3 15.
hxg4 fxg2 16. Re1 Nxd4 17. Nc3 Re8 18. Kxg2 Qf6 19. Nd5 Qc6 20. Bxd4 Qxd5+ 0-1

[Event "WinterChess sub 2200 enero 2013"]
[Site "Palma de Mallorca ESP"]
[Date "2013.01.17"]
[Round "6.28"]
[White "Castell Cantero, Jose Juan"]
[Black "Alemany Ramon, Angel"]
[Result "1-0"]
[WhiteElo "1530"]
[BlackElo "1394"]
[PlyCount "71"]
[EventDate "2013.01.12"]
[EventType "swiss"]
[EventRounds "9"]
[EventCountry "ESP"]
[Source "lmi"]
[SourceDate "2013.01.12"]

1. d4 Nf6 2. c4 d6 3. Nc3 g6 4. e4 Bg7 5. Bd3 O-O 6. f3 Nbd7 7. g4 c5 8. d5 a6
9. h4 Ne5 10. Be2 Rb8 11. h5 e6 12. f4 Ned7 13. g5 Ne8 14. Qd3 e5 15. Qh3 Nef6
16. Qh4 Ne8 17. hxg6 fxg6 18. Qxh7+ Kf7 19. f5 gxf5 20. exf5 Ndf6 21. Qg6+ Ke7
22. gxf6+ Rxf6 23. Bg5 Bxf5 24. Qxf5 Qc8 25. Qh7 Kf7 26. Bh5+ Ke7 27. Ne4 Kf8
28. Nxf6 Ke7 29. Ne4+ Kd7 30. Bg4+ Kc7 31. Bxc8 Rxc8 32. Nf6 Kb8 33. Nxe8 Rxe8
34. Qxg7 e4 35. Rh7 Kc8 36. Qc7# 1-0

[Event "WinterChess sub 2200 enero 2013"]
[Site "Palma de Mallorca ESP"]
[Date "2013.01.18"]
[Round "7.1"]
[White "Vallespir Salor, Gabriel"]
[Black "Shen, Yue"]
[Result "0-1"]
[WhiteElo "2102"]
[BlackElo "2150"]
[PlyCount "36"]
[EventDate "2013.01.12"]
[EventType "swiss"]
[EventRounds "9"]
[EventCountry "ESP"]
[Source "lmi"]
[SourceDate "2013.01.12"]

1. Nf3 Nf6 2. g3 e6 3. Bg2 d5 4. c4 dxc4 5. Na3 Bxa3 6. bxa3 c6 7. Qc2 b5 8. a4
a6 9. Ba3 Bb7 10. O-O Nbd7 11. Rfd1 c5 12. Bb2 Be4 13. d3 cxd3 14. exd3 Bd5 15.
Ne5 Nxe5 16. Bxe5 Bxg2 17. Bxf6 Qd5 18. Bb2 Qf3 0-1

[Event "WinterChess sub 2200 enero 2013"]
[Site "Palma de Mallorca ESP"]
[Date "2013.01.18"]
[Round "7.2"]
[White "Gromovs, Sergejs"]
[Black "Guerreiro, Nuno"]
[Result "1-0"]
[WhiteElo "2001"]
[BlackElo "2085"]
[PlyCount "43"]
[EventDate "2013.01.12"]
[EventType "swiss"]
[EventRounds "9"]
[EventCountry "ESP"]
[Source "lmi"]
[SourceDate "2013.01.12"]

1. d4 d5 2. c4 Nc6 3. Nc3 dxc4 4. Nf3 Nf6 5. d5 Nb8 6. e4 c6 7. Bxc4 b5 8. Bd3
b4 9. Na4 g6 10. O-O Bg7 11. Re1 O-O 12. b3 Qc7 13. Bd2 a5 14. Rc1 Nfd7 15. Bg5
Ne5 16. Nd4 Qd6 17. f4 Ned7 18. e5 Nxe5 19. fxe5 Bxe5 20. Nf3 Bf6 21. Bxf6 Qxf6
22. Be4 1-0

[Event "WinterChess sub 2200 enero 2013"]
[Site "Palma de Mallorca ESP"]
[Date "2013.01.18"]
[Round "7.3"]
[White "Queirolo Perez, Manuel"]
[Black "Llorens Hofman, Ivan"]
[Result "1-0"]
[WhiteElo "2096"]
[BlackElo "2036"]
[PlyCount "89"]
[EventDate "2013.01.12"]
[EventType "swiss"]
[EventRounds "9"]
[EventCountry "ESP"]
[Source "lmi"]
[SourceDate "2013.01.12"]

1. e4 e6 2. d4 d5 3. Nc3 Bb4 4. e5 c5 5. a3 Bxc3+ 6. bxc3 Qa5 7. Bd2 Qa4 8. Qb1
c4 9. h4 Nc6 10. h5 h6 11. f4 Nge7 12. g4 Bd7 13. Ne2 O-O-O 14. Bg2 Qa5 15. a4
Rdg8 16. Qb2 g6 17. Bf3 Qd8 18. Be3 Qf8 19. a5 gxh5 20. gxh5 f6 21. Rf1 Rh7 22.
Kd2 Rf7 23. Rfb1 Nd8 24. a6 b5 25. Ra5 Qe8 26. Qa3 Nf5 27. Qc5+ Bc6 28. Raxb5
Rc7 29. Rb8+ Kd7 30. Qa3 Qf8 31. Qa5 Qf7 32. Bf2 Qe7 33. Rh1 Rg7 34. Rbb1 Rf7
35. Rbg1 Rg7 36. Rxg7 Qxg7 37. Rg1 Qf7 38. exf6 Qxf6 39. Rg6 Qf8 40. Bg4 Nd6
41. Bh4 Ne4+ 42. Ke3 Kc8 43. Bxd8 Qxd8 44. Bxe6+ Bd7 45. Rg8 1-0

[Event "WinterChess sub 2200 enero 2013"]
[Site "Palma de Mallorca ESP"]
[Date "2013.01.18"]
[Round "7.4"]
[White "Ponce Cano, Adrian"]
[Black "Asensio Ramos, Enrique Fernando"]
[Result "1/2-1/2"]
[WhiteElo "2078"]
[BlackElo "1904"]
[PlyCount "89"]
[EventDate "2013.01.12"]
[EventType "swiss"]
[EventRounds "9"]
[EventCountry "ESP"]
[Source "lmi"]
[SourceDate "2013.01.12"]

1. e4 d5 2. exd5 Qxd5 3. Nc3 Qd6 4. Nf3 c6 5. Bc4 Nf6 6. h3 Bf5 7. d4 e6 8. Be3
Qb4 9. Bb3 Nbd7 10. O-O Bd6 11. a4 Qa5 12. Qd2 Bb4 13. Qe2 Nd5 14. Nxd5 cxd5
15. c3 Bd6 16. Bd2 Qb6 17. Bxd5 Qxb2 18. Nh4 Qc2 19. Nxf5 Qxf5 20. Bxb7 Rb8 21.
Bc6 Ke7 22. c4 Rhe8 23. Be4 Qf6 24. c5 Bf4 25. c6 Nb6 26. a5 Nd5 27. Bxd5 Bxd2
28. Bxe6 Qxe6 29. Qxd2 Qxc6 30. d5 Qd6 31. Rac1 Red8 32. Rfd1 Kf8 33. Qe3 Rd7
34. Qe4 g6 35. Rc6 Qe7 36. Qd4 Kg8 37. d6 Qe6 38. Rc7 Rbd8 39. Rxd7 Rxd7 40. a6
f6 41. Qb4 Kf7 42. Qb5 Kg7 43. Qb4 Kf7 44. Qb8 Qe8 45. Qb4 1/2-1/2

[Event "WinterChess sub 2200 enero 2013"]
[Site "Palma de Mallorca ESP"]
[Date "2013.01.18"]
[Round "7.5"]
[White "Cerdo Fernandez, Miguel"]
[Black "Bestard Borras, Miguel"]
[Result "0-1"]
[WhiteElo "1946"]
[BlackElo "2178"]
[PlyCount "58"]
[EventDate "2013.01.12"]
[EventType "swiss"]
[EventRounds "9"]
[EventCountry "ESP"]
[Source "lmi"]
[SourceDate "2013.01.12"]

1. e4 d5 2. exd5 Qxd5 3. d4 Nc6 4. Nf3 Bg4 5. Be2 O-O-O 6. c4 Qf5 7. Be3 Bxf3
8. Bxf3 Nxd4 9. Bxd4 Qe6+ 10. Be2 Qe4 11. Nc3 Qxd4 12. Qc2 Qe5 13. O-O e6 14.
Bf3 Bd6 15. g3 Nf6 16. Nb5 c6 17. Nc3 Qf5 18. Qe2 h5 19. h4 g5 20. hxg5 Qxg5
21. Ne4 Nxe4 22. Qxe4 h4 23. Qg4 Qe7 24. c5 Bxc5 25. Rfd1 Rdg8 26. Qa4 Rxg3+
27. Kf1 Rxf3 28. Rac1 Rxf2+ 29. Ke1 Qg5 0-1

[Event "WinterChess sub 2200 enero 2013"]
[Site "Palma de Mallorca ESP"]
[Date "2013.01.18"]
[Round "7.6"]
[White "Torres Tur, Juan"]
[Black "Gallardo Pina, Neus"]
[Result "1-0"]
[WhiteElo "2045"]
[BlackElo "1891"]
[PlyCount "47"]
[EventDate "2013.01.12"]
[EventType "swiss"]
[EventRounds "9"]
[EventCountry "ESP"]
[Source "lmi"]
[SourceDate "2013.01.12"]

1. d4 g6 2. Nf3 Bg7 3. Bf4 d6 4. e3 Nf6 5. c4 c5 6. Nc3 Qb6 7. Qd2 Bg4 8. Be2
Nh5 9. Bg5 Bxf3 10. Bxf3 cxd4 11. Nd5 dxe3 12. fxe3 Qd8 13. Bxe7 Qd7 14. Bxh5
gxh5 15. O-O Nc6 16. Bf6 O-O 17. Rf3 Kh8 18. Rh3 Rg8 19. Rxh5 Ne5 20. Qf2 Qg4
21. Rg5 Qxc4 22. Rxg7 Rxg7 23. Bxg7+ Kg8 24. Bxe5 1-0

[Event "WinterChess sub 2200 enero 2013"]
[Site "Palma de Mallorca ESP"]
[Date "2013.01.18"]
[Round "7.7"]
[White "Aguilo Pons, Francesc"]
[Black "Juan Mas, Santiago"]
[Result "0-1"]
[WhiteElo "1944"]
[BlackElo "2025"]
[PlyCount "92"]
[EventDate "2013.01.12"]
[EventType "swiss"]
[EventRounds "9"]
[EventCountry "ESP"]
[Source "lmi"]
[SourceDate "2013.01.12"]

1. e4 g6 2. d4 Bg7 3. Nf3 d6 4. Nc3 a6 5. Be2 b5 6. a3 Bb7 7. O-O Nd7 8. Bf4
Ngf6 9. Qd3 c5 10. d5 O-O 11. h3 c4 12. Qe3 Qb6 13. Rfd1 Qxe3 14. Bxe3 Rac8 15.
g4 Nc5 16. Bxc5 dxc5 17. Rab1 Rcd8 18. Nd2 Nd7 19. Nf3 Bxc3 20. bxc3 Nb6 21.
Re1 Ba8 22. Bf1 e6 23. dxe6 fxe6 24. Bg2 h6 25. Re3 Kg7 26. Rbe1 Na4 27. R1e2
Nb2 28. Nd2 e5 29. Kf1 Rd6 30. Ke1 g5 31. Rg3 Bb7 32. Rf3 Rxf3 33. Bxf3 a5 34.
Re3 b4 35. cxb4 cxb4 36. axb4 axb4 37. Be2 Ba6 38. Rf3 c3 39. Nb3 Bxe2 40. Kxe2
Nc4 41. Rd3 Rc6 42. Rd5 Kf6 43. Rc5 Rxc5 44. Nxc5 Ke7 45. Na6 b3 46. cxb3 c2
0-1

[Event "WinterChess sub 2200 enero 2013"]
[Site "Palma de Mallorca ESP"]
[Date "2013.01.18"]
[Round "7.8"]
[White "Gaya Llodra, Juan"]
[Black "Crespi Lopez, Juan"]
[Result "1-0"]
[WhiteElo "2173"]
[BlackElo "1972"]
[PlyCount "35"]
[EventDate "2013.01.12"]
[EventType "swiss"]
[EventRounds "9"]
[EventCountry "ESP"]
[Source "lmi"]
[SourceDate "2013.01.12"]

1. d4 Nf6 2. Nf3 g6 3. g3 Bg7 4. Bg2 O-O 5. O-O d6 6. c4 Nc6 7. Nc3 a6 8. h3
Rb8 9. a4 Na5 10. b3 c5 11. dxc5 Ne4 12. Nxe4 Bxa1 13. cxd6 f5 14. Ba3 e6 15.
Qxa1 fxe4 16. Ne5 Bd7 17. Qc3 b6 18. Bb2 1-0

[Event "WinterChess sub 2200 enero 2013"]
[Site "Palma de Mallorca ESP"]
[Date "2013.01.18"]
[Round "7.9"]
[White "Munar Rossello, Pedro"]
[Black "Oliver Marquet, Juan"]
[Result "1-0"]
[WhiteElo "2076"]
[BlackElo "1857"]
[PlyCount "61"]
[EventDate "2013.01.12"]
[EventType "swiss"]
[EventRounds "9"]
[EventCountry "ESP"]
[Source "lmi"]
[SourceDate "2013.01.12"]

1. e4 d5 2. exd5 Qxd5 3. Nc3 Qa5 4. d4 Nf6 5. Bd2 c6 6. Bd3 Bg4 7. f3 Bh5 8.
Nge2 Nbd7 9. O-O O-O-O 10. b4 Qb6 11. f4 Bxe2 12. Nxe2 e5 13. fxe5 Nxe5 14.
Bf5+ Kb8 15. Kh1 Nc4 16. Bf4+ Bd6 17. Bg5 Rhe8 18. Qd3 Nb2 19. Qf3 Nc4 20. a3
h6 21. Bc1 Qc7 22. Bd3 Nb6 23. a4 Qe7 24. c4 Bxb4 25. Bf4+ Ka8 26. a5 Nbd7 27.
a6 Bd6 28. axb7+ Kb8 29. Qxc6 Bxf4 30. Rxa7 Nb6 31. Ra8+ 1-0

[Event "WinterChess sub 2200 enero 2013"]
[Site "Palma de Mallorca ESP"]
[Date "2013.01.18"]
[Round "7.10"]
[White "Valls Casas, Jordi"]
[Black "Oliver Font, Jose Luis"]
[Result "1-0"]
[WhiteElo "2030"]
[BlackElo "1838"]
[PlyCount "111"]
[EventDate "2013.01.12"]
[EventType "swiss"]
[EventRounds "9"]
[EventCountry "ESP"]
[Source "lmi"]
[SourceDate "2013.01.12"]

1. d4 Nf6 2. Nf3 c6 3. g3 d5 4. Bg2 e6 5. O-O Bd6 6. Nbd2 O-O 7. c4 Nbd7 8. b3
Re8 9. Bb2 e5 10. cxd5 Nxd5 11. Nc4 Bc7 12. dxe5 N7b6 13. Qc1 Nxc4 14. bxc4 Nb6
15. Rd1 Qe7 16. c5 Nd7 17. Bd4 Nxe5 18. Qc3 Nxf3+ 19. exf3 Qg5 20. f4 Qg6 21.
Rab1 Rb8 22. Re1 Bd7 23. Rxe8+ Bxe8 24. Re1 f6 25. Re7 Bd8 26. Qb3+ Kf8 27.
Rxb7 Rxb7 28. Qxb7 Qd3 29. Be3 Qd1+ 30. Bf1 Qa4 31. Qb1 Bg6 32. Bd3 Bf7 33.
Bxh7 Bxa2 34. Bc2 Qa5 35. Qa1 Bd5 36. Qxa5 Bxa5 37. Kf1 Ke7 38. Ke2 Ke6 39. Kd3
f5 40. Ke2 Bc3 41. f3 Bc4+ 42. Bd3 Kd5 43. g4 fxg4 44. fxg4 a5 45. g5 a4 46.
Bxc4+ Kxc4 47. Bc1 Kb3 48. f5 Bb2 49. f6 gxf6 50. g6 Bxc1 51. g7 a3 52. g8=Q+
Kc2 53. Qc4+ Kb1 54. Qd3+ Ka1 55. Kd1 Bb2 56. Kc2 1-0

[Event "WinterChess sub 2200 enero 2013"]
[Site "Palma de Mallorca ESP"]
[Date "2013.01.18"]
[Round "7.11"]
[White "Sanchez Fernandez, Jose Joaqui"]
[Black "Nadal Bestard, Sebastia"]
[Result "1-0"]
[WhiteElo "1989"]
[BlackElo "1852"]
[PlyCount "101"]
[EventDate "2013.01.12"]
[EventType "swiss"]
[EventRounds "9"]
[EventCountry "ESP"]
[Source "lmi"]
[SourceDate "2013.01.12"]

1. e4 d5 2. exd5 Qxd5 3. Nc3 Qd6 4. Nf3 Nf6 5. d4 a6 6. g3 Bf5 7. Bg2 e6 8. Ne5
c6 9. O-O Nbd7 10. Nc4 Qb4 11. Ne3 Bg6 12. a3 Qa5 13. b4 Qc7 14. Nc4 Nb6 15.
Bf4 Qd8 16. Nxb6 Qxb6 17. Re1 Be7 18. Na4 Qd8 19. Nc5 Qc8 20. Bh3 Bxc5 21. bxc5
O-O 22. Bg2 Qd7 23. Bd6 Rfd8 24. c3 Ne8 25. Bf4 Nc7 26. Qb3 Nd5 27. Bd6 h6 28.
Ra2 Ne7 29. Bh3 Nf5 30. Bxf5 Bxf5 31. Rb2 b5 32. Qd1 Re8 33. f4 Qd8 34. Qf3 Rc8
35. g4 Bg6 36. Rbe2 Qd7 37. h4 f5 38. h5 fxg4 39. Qxg4 Bf5 40. Qg3 Ra8 41. Rg2
Ra7 42. Kf2 Kh7 43. Reg1 Rg8 44. Qh4 a5 45. Be5 Qd5 46. Kg3 Be4 47. Kh2 Bxg2
48. Rxg2 Rf7 49. Qg4 Qd7 50. Qg6+ Kh8 51. Qxh6# 1-0

[Event "WinterChess sub 2200 enero 2013"]
[Site "Palma de Mallorca ESP"]
[Date "2013.01.18"]
[Round "7.12"]
[White "Ballester Cladera, Antonio"]
[Black "Fiol Company, Juan"]
[Result "0-1"]
[WhiteElo "1787"]
[BlackElo "1935"]
[PlyCount "60"]
[EventDate "2013.01.12"]
[EventType "swiss"]
[EventRounds "9"]
[EventCountry "ESP"]
[Source "lmi"]
[SourceDate "2013.01.12"]

1. e4 c5 2. Nf3 d6 3. d4 cxd4 4. Nxd4 Nf6 5. Nc3 g6 6. Be3 Bg7 7. f3 O-O 8. Qd2
Nc6 9. O-O-O d5 10. Nxc6 bxc6 11. exd5 Nxd5 12. Nxd5 cxd5 13. Bc4 e6 14. h4 Qc7
15. Bb3 a5 16. a4 Rb8 17. Kb1 Bd7 18. Bd4 e5 19. Bc3 d4 20. Bxa5 Qb7 21. Qc1
Ra8 22. Bd2 Bxa4 23. Bxa4 Rxa4 24. b3 Rfa8 25. Qb2 Ra3 26. Bc1 R3a6 27. Bg5 e4
28. Rxd4 Ra1+ 29. Qxa1 Rxa1+ 30. Kxa1 Bxd4+ 0-1